| 000 | 00681cam a22002411 4500 | ||
|---|---|---|---|
| 001 | sa 68005234 | ||
| 003 | DLC | ||
| 005 | 20260227112507.0 | ||
| 008 | 941128s1967 ii 000 0 beno | ||
| 010 | _asa 68005234 | ||
| 025 | _aPL480:EP-B-1415 | ||
| 035 | _a(OCoLC)31523578 | ||
| 040 |
_aDLC _cCU _dCU _dDLC |
||
| 042 | _apremarc | ||
| 050 | 0 | 0 |
_aPK1689 _b.P3 |
| 100 | 1 | _aPaul, Harendrachandra. | |
| 245 | 1 | 0 | _aBāṅalā sāhitye Ārabi-Phārasī śabda. |
| 260 | _c[1967] | ||
| 300 |
_a11, 415 p. _c23 cm. |
||
| 500 | _aIn Bengali. | ||
| 650 | 0 |
_aBengali language _xForeign words and phrases _zArabic. |
|
| 650 | 0 |
_aBengali language _xForeign words and phrases _zPersian. |
|
| 999 |
_c80593 _d80593 |
||